000
00155 a2200085 4500
041
_a
spa
100
_a
Anonimo
245
_a
El asno y el caballo
942
_c
BK
999
_c
11248
_d
11248